Коммерческая деятельность: учебник для бакалавров

Bibliografiske detaljer
Institution som forfatter: Финансовый университет при Правительстве Российской Федерации
Andre forfattere: Синяева И. М. Инга Михайловна, Романенкова О. Н. Ольга Николаевна, Земляк С. В. Светлана Васильевна, Синяев В. В. Василий Владимирович
Summary:Посвящ. 95-летию Финансового ун-та.
Развитие товарно-денежных отношений в России за последние 20 лет подтвердило необходимость в специалистах с новым типом мышления, а для этого требуется издание комплексного учебника, сочетающего теорию и практику коммерции-торговли-маркетинга, который позволит читателям успешно ориентироваться в сложном мире бизнеса. Именно такую книгу вы держите сейчас в руках. Ее цель — дать теоретические знания и показать на практических примерах особенности коммерческих отношений на российском рынке, связанные с ними задачи и их решения.Учебник разработан в соответствии с Федеральным государственным образовательным стандартом высшего профессионального образования третьего поколения. Для бакалавров, обучающихся по направлениям «Экономика», «Менеджмент», «Маркетинг», «Логистика», «Торгово&дело», а также всех интересующихся тематикой коммерческой деятельности.
Sprog:russisk
Udgivet: Москва, Юрайт, 2014
Serier:Бакалавр. Базовый курс
Fag:
Format: MixedMaterials Bog
KOHA link:https://koha.lib.tpu.ru/cgi-bin/koha/opac-detail.pl?biblionumber=242223

MARC

LEADER 00000nam0a2200000 4500
001 242223
005 20231101231859.0
010 |a 9785991630382 
035 |a (RuTPU)RU\TPU\book\263524 
090 |a 242223 
100 |a 20130828d2014 m y0rusy50 ca 
101 0 |a rus 
102 |a RU 
105 |a a j 011zy 
200 1 |a Коммерческая деятельность  |e учебник для бакалавров  |f И. М. Синяева [и др.]  |g Финансовый университет при Правительстве Российской Федерации 
210 |a Москва  |c Юрайт  |d 2014 
215 |a 506 с.  |c ил. 
225 1 |a Бакалавр. Базовый курс 
300 |a Посвящ. 95-летию Финансового ун-та. 
320 |a Библиогр.: с. 468-469. 
320 |a Глоссарий: с. 473-506. 
330 |a Развитие товарно-денежных отношений в России за последние 20 лет подтвердило необходимость в специалистах с новым типом мышления, а для этого требуется издание комплексного учебника, сочетающего теорию и практику коммерции-торговли-маркетинга, который позволит читателям успешно ориентироваться в сложном мире бизнеса. Именно такую книгу вы держите сейчас в руках. Ее цель — дать теоретические знания и показать на практических примерах особенности коммерческих отношений на российском рынке, связанные с ними задачи и их решения.Учебник разработан в соответствии с Федеральным государственным образовательным стандартом высшего профессионального образования третьего поколения. Для бакалавров, обучающихся по направлениям «Экономика», «Менеджмент», «Маркетинг», «Логистика», «Торгово&дело», а также всех интересующихся тематикой коммерческой деятельности. 
452 1 |0 (RuTPU)RU\TPU\book\285241  |y 978-5-9916-3038-2  |t Коммерческая деятельность  |o учебник для бакалавров  |f И. М. Синяева [и др.]  |g Финансовый университет при Правительстве Российской Федерации  |c Москва  |n Юрайт  |d 2014  |p 1 Мультимедиа CD-ROM  |s Бакалавр. Базовый курс 
606 1 |a Коммерческая деятельность  |2 stltpush  |3 (RuTPU)RU\TPU\subj\27888  |9 51559 
610 1 |a коммерция 
610 1 |a торговля 
610 1 |a концепции 
610 1 |a сфера услуг 
610 1 |a материально-техническое снабжение 
610 1 |a ассортиментная политика 
610 1 |a сбыт 
610 1 |a оптовая торговля 
610 1 |a розничная торговля 
610 1 |a учебники 
686 |a У9(2)42я73  |v LBC/SL-A  |2 rubbk 
701 1 |a Синяева  |b И. М.  |g Инга Михайловна 
701 1 |a Романенкова  |b О. Н.  |g Ольга Николаевна 
701 1 |a Земляк  |b С. В.  |g Светлана Васильевна 
701 1 |a Синяев  |b В. В.  |g Василий Владимирович 
712 0 2 |a Финансовый университет при Правительстве Российской Федерации  |c (Москва)  |c (2010- )  |2 stltpush  |3 (RuTPU)RU\TPU\col\17114  |9 26530 
801 1 |a RU  |b 63413507  |c 20130828 
801 2 |a RU  |b 63413507  |c 20150626  |g RCR 
900 |a Коммерческая деятельность 
942 |c BK 
951 |b 100700 
959 |a 117/20130828  |d 2  |e 379,00  |f ЧЗГЛ:1  |f АНЛ:1